000 00633cam a22002411 4500
001 sa 64004899
003 DLC
005 20260227112028.0
008 890628s1962 ii a 000 0 kano
010 _asa 64004899
035 _a(OCoLC)19943781
040 _aDLC
_cWaU
_dDLC
042 _apremarc
050 0 0 _aPL4659.S22
_bR32 1962
100 0 _aS̥aḍakṣaradeva,
_dactive 1655.
245 1 0 _aRājaśēkharaviḷāsaṃ.
260 _c1962.
300 _a9, lxxiv, 484 p.
_billus.
_c23 cm.
500 _aIn Kannada.
500 _aPoems.
700 1 _aHiremath, Rudrayya Chandrayya,
_d1922-
700 1 _aSunkapur, M. S.
999 _c58815
_d58815